000 01550namaa22003251i 4500
005 20260407122759.0
008 260407b1994 u a|||fr|||| 000 0 eng d
040 _aEG-GICUC
_beng
_cEG-GICUC
_dEG-GICUC
_erda
041 0 _aeng
_beng
_bara
049 _aDeposit
097 _aM.Sc
099 _aCai01.12.07.M.Sc.1995.AL.D
100 0 _aAlaa Eldin Shehata Aly ,
_epreparation.
245 1 0 _aDevelopment of meningococcal capsular polysaccharide vaccine for the control of meningococcal meningitis /
_cBy Alaa Eldin Shehata Aly ; Supervised .Prof.Dr. Nabil . I.Guirguis , Dr. Hani Halim , Dr. Yehia El- Mashad ,
246 1 5 _aتطوير لقاح الغالاف هديد التسكر لميكروب الاتهاب السحائى لمقاومة مكورات الالتهاب السحائى
264 0 _c1995
300 _a90 Leaves :
_billustrations ;
_c30 cm. +
336 _2rda content
_atext
337 _2rdamedia
_aUnmediated
338 _2rdacarrier
_avolume
502 _a Thesis (M.Sc.) -Cairo University, 1995
504 _aBibliography: pages 72 : 90
653 0 _aDevelopment of meningococcal capsular polysaccharide vaccine for the control of meningococcal meningitis
700 0 _aNabil . I.Guirguis
_ethesis advisor.
700 0 _a Hani Halim
_ethesis advisor.
700 0 _aYehia El- Mashad
_ethesis advisor.
900 _D Department of Chemistry
_F Faculty of Science
_U Cairo University
_b1995
_cNabil . I.Guirguis
_c Hani Halim
_cYehia El- Mashad
_dNabil . I.Guirguis
905 _aNagat
942 _2ddc
_cTH
_e21
_n0
999 _c179265